000 01766nam0a2200349 4500
001 RU\NLR\bibl\913465
005 20260405100811.0
010 _a5-7870-0032-3
_93000
035 _a(NLR Aleph) 000901792
090 _a1778542
_c1778542
100 _a20060306d1999 |||y0rusy50 ca
101 0 _arus
102 _aRU
105 _ac |||||||||
200 1 _aКто руководил НКВД, 1934-1941
_eсправочник
_fН.В. Петров, К.В. Скоркин
_gпод ред. Н.Г. Охотина и А.Б. Рогинского
_gО-во "Мемориал" [и др.]
210 _aМосква
_cЗвенья
_d1999
215 _a502, [1] с.
_cпортр.
_d25
300 _aНа обл. авт. не указаны
300 _aВ надзаг. также: Рос. гос. архив социал.-полит. истории, Гос. архив Рос. Федерации
320 _aБиблиогр. в подстроч. примеч.
601 0 1 _aСССР
_bНародный комиссариат внутренних дел
_jБиографические словари
_xРуководители
_92420560
_3RU\NLR\auth\661441536
686 1 _aХ621.162.01-1я21
686 1 _aЦ68,6(2)-243д
700 1 _4070
_8rus
_7ca
_aПетров
_bН. В.
_cисторик
_f1957-
_gНикита Васильевич
_3RU\NLR\auth\7736883
_919872
701 1 _4070
_8rus
_7ca
_aСкоркин
_bК. В.
_f1955-
_gКонстантин Владиславович
_3RU\NLR\auth\7736884
_919873
801 0 _aRU
_bNLR
_c20060306
_grcr
801 1 _aRU
_bNLR
_c20060306
830 _aавт. по кн.
942 _cBOOK
980 _aNB